| 000 | 01024cam a22003137a 4500 | ||
|---|---|---|---|
| 003 | CHAP | ||
| 005 | 20220817042629.0 | ||
| 008 | 971013s1977 r 00010 d | ||
| 010 | _a50449 | ||
| 011 | _a51421 | ||
| 035 | _a55571 | ||
| 040 | _cCHAP | ||
| 082 |
_a142.3 _bV5 |
||
| 100 | 0 | 0 |
_aVillegas, Jaime Antonio. _9119793 |
| 245 | 1 | 3 | _aEl juicio estético de Kant |
| 260 |
_aAcatlán, Méx. : _bUniversidad Nacional Autónoma de México. Escuela Nacional de Estudios Profesionales de Acatlán, _c1977 |
||
| 300 | _a156 p. | ||
| 490 | 0 | _aEdiciones de intercambio | |
| 590 |
_aBATCH-UPD _b10 _c20130110 _lUCH01 _h0800 |
||
| 590 |
_aBATCH-UPD _b10 _c20130410 _lUCH01 _h0439 |
||
| 590 |
_aBATCH-UPD _b10 _c20130914 _lUCH01 _h1033 |
||
| 590 |
_aCONVERSION _b10 _c20130109 _lUCH01 _h1327 |
||
| 650 | 1 | 4 |
_aConocimiento, Teoría del. _927232 |
| 650 | 1 | 4 | _aMetafísica. |
| 830 | 0 |
_aEdiciones de intercambio _935349 |
|
| 901 | _aBK | ||
| 942 | _cLIBRO | ||
| 949 |
_a142.3 V5 _bBC _cLIBRO _d33724000661377 _eLIBRO _h44746 _i55571 _mD _si |
||
| 999 |
_c50449 _d50449 |
||